000 01016nam a22003137a 4500
001 BR0102778
003 BR-BrBNA
005 20230928100912.0
007 ta
008 230509b bl.||||| |||| 00| 0 por d
040 _aBR-BrBNA
_bpor
_cBiblioteca Nacional de Agricultura
041 _a(Por)
072 _aF30; F06
_b1830
090 _ 1830 BR0102778
100 1 _aAntonini, A.C.C.
110 1 _aEscola Superior de Agricultura Luiz de Queiroz, Piracicaba, SP (Brasil)
_0Tese (Mestre em Agronomia)
245 1 _aCaracteristicas produtivas de hibridos e cultivares de berinjela (Solanum melongena L.)
260 3 _aPiracicaba, SP (Brasil):
_c2000.
300 _a72 p.
500 _aSummaries (Eng, Por); Bibliography p. 55-62; 16 illus.; 15 tables
650 _aBerinjela
650 _aHibrido
650 _aMelhoramento Genetico Vegetal
650 _aIrrigacao por Gotejamento
650 _aPratica Cultural
650 _aProducao Vegetal
909 _a202309
_bLucia
_c55
_dLucia Elande
942 _cBK
999 _c63325
_d63325